تحميل...

Padunna pisachu/

التفاصيل البيبلوغرافية
المؤلف الرئيسي: Changampuzha Krishna Pillai
التنسيق: Printed Book
اللغة:Malayalam
منشور في: Kottayam: National Book Stall, 1980
LEADER 00595nam a22001817a 4500
003 OSt
005 20200624134607.0
008 160204b xxu||||| |||| 00| 0 mal d
041 |a mal 
082 |a 851.847 PAD 
100 |a Changampuzha Krishna Pillai 
245 |a Padunna pisachu/  |c Changampuzha Krishna Pillai 
260 |a Kottayam:  |b National Book Stall,  |c 1980 
300 |a 84p. 
546 |a In Malayalam 
942 |2 ddc  |c BK 
999 |c 326636  |d 326636 
952 |0 0  |1 0  |2 ddc  |4 0  |6 851_847000000000000_PAD  |7 0  |9 373172  |a CSC  |b CSC  |c ST1  |d 2016-02-04  |i 7035  |l 0  |o 851.847 PAD  |p CSC7035  |r 2016-02-04  |w 2016-02-04  |y BK